000 01049cam a2200349 i 4500
001 2263922
003 OSt
005 20260514090202.0
008 780821s1979 nyua b 001 0 eng
010 _a 78012041
020 _a006045279X
035 _a2263922
040 _aDLC
_cIRDP
_dDLC
043 _an-us---
050 0 0 _aJK274
_b.P76 1979
082 0 0 _a320.973 PRE
100 1 _aPrewitt, Kenneth.
245 1 3 _aAn introduction to American Government /
_cKenneth Prewitt, Sidney Verba.
250 _a3d ed.
260 _aNew York :
_bHarper & Row,
_cc1979.
300 _axiii, 657 p. :
_bill. ;
_c24 cm.
336 _atext
_btxt
_2rdacontent
337 _aunmediated
_bn
_2rdamedia
338 _avolume
_bnc
_2rdacarrier
500 _aIncludes index.
504 _aBibliography: p. 626-632.
651 0 _aUnited States
_xPolitics and government.
700 1 _aVerba, Sidney,
_ejoint author.
906 _a7
_bcbc
_corignew
_d1
_eocip
_f19
_gy-gencatlg
942 _2ddc
_cBOOKS
999 _c7081
_d7081